Every Multiple Time Champions League Winner: Sudden Death - Statistics

General Stats
  • This quiz has been taken 18 times
  • The average score is 11 of 13
Answers on the Grid
Answers color-coded by a green-red scale on the quiz's grid according to % correct below.
Real Madrid
AC Milan
Bayern Munich
Liverpool
Barcelona
Ajax
Manchester United
Inter Milan
Chelsea
Nottingham Forest
Porto
Benfica
Juventus
Aston Villa
PSG
Manchester City
Borussia Dortmund
Atletico Madrid
Arsenal
Tottenham Hotspur
Bayer Leverkusen
Valencia CF
Sevilla FC
Leeds United
Newcastle United
West Ham
 
Answer Stats
Answer % Correct
AC Milan
100%
Ajax
100%
Liverpool
100%
Manchester United
100%
Barcelona
88%
Bayern Munich
88%
Benfica
88%
Inter Milan
88%
Real Madrid
88%
Chelsea
75%
Juventus
63%
Nottingham Forest
63%
Porto
63%
No matching quizzes found
Score Distribution
Percent of People with Each Score
Percentile by Number Answered
Your Score History
You have not taken this quiz